Countries that are spelled the same in English and Spanish - Statistics

General Stats
  • This quiz has been taken 19 times
  • The average score is 65 of 91
Answer Stats
# Country % Correct
. Argentina
93%
. Colombia
93%
. Ecuador
93%
. Paraguay
93%
. Uruguay
93%
. Venezuela
93%
. Australia
87%
. Canada
87%
. Chile
87%
. El Salvador
87%
. Guyana
87%
. Honduras
87%
. Nicaragua
87%
. Panama
87%
. Tuvalu
87%
. Albania
80%
. Andorra
80%
. Bahamas
80%
. Barbados
80%
. Benin
80%
. Chad
80%
. Costa Rica
80%
. Cuba
80%
. Guatemala
80%
. India
80%
. Kiribati
80%
. Mali
80%
. Mexico
80%
. Peru
80%
. Angola
73%
. Armenia
73%
. Austria
73%
. Bolivia
73%
. China
73%
. Dominica
73%
. Estonia
73%
. Ghana
73%
. Guinea
73%
. Haiti
73%
. Indonesia
73%
. Iran
73%
. Jamaica
73%
. Malta
73%
. Mauritania
73%
. Portugal
73%
. Samoa
73%
. San Marino
73%
. Sri Lanka
73%
. Togo
73%
. Vanuatu
73%
. Brunei
67%
. Bulgaria
67%
. Georgia
67%
. Laos
67%
. Monaco
67%
. Mongolia
67%
. Mozambique
67%
. Nauru
67%
. Niger
67%
. Nigeria
67%
. Oman
67%
. Serbia
67%
. Somalia
67%
. Sudan
67%
. Taiwan
67%
. Tonga
67%
. Vietnam
67%
. Burkina Faso
60%
. Gambia
60%
. Israel
60%
. Kosovo
60%
. Kuwait
60%
. Liechtenstein
60%
. Madagascar
60%
. Montenegro
60%
. Namibia
60%
. Nepal
60%
. Pakistan
60%
. Seychelles
60%
. Tanzania
60%
. Yemen
60%
. Eritrea
53%
. Guinea-Bissau
53%
. Senegal
53%
. Turkmenistan
53%
. Uganda
53%
. Uzbekistan
53%
. Zambia
53%
. Gabon
47%
. Liberia
47%
. Myanmar
47%
No matching quizzes found
Score Distribution
Percent of People with Each Score
Percentile by Number Answered
Your Score History
You have not taken this quiz